| 000 | 00580nam a2200193 4500 | ||
|---|---|---|---|
| 001 | 120909 | ||
| 003 | ES-MaACL | ||
| 005 | 20230906191640.0 | ||
| 007 | t| | ||
| 008 | 070214s1954 uy r ||||1| spa d | ||
| 100 | 1 |
_aPrats Aragay, Luis. _993702 |
|
| 245 | 1 | 0 |
_aEspaña mariana y España jacobea / _cLuis Prats Aragay. |
| 260 |
_aMontevideo : _b[s. n.], _c1954 ( _fArtes Gráficas Covadonga) |
||
| 300 |
_a27 p. ; _c21 cm. |
||
| 490 | 1 | _aPublicaciones El Pilar | |
| 830 | 0 |
_aPublicaciones El Pilar _9218711 |
|
| 852 |
_aES-MaACL _j1982-F-3 _bR.36629 |
||
| 999 |
_c120909 _d120909 |
||